[Event "FRA-ch U10"]
[Site "Hyeres"]
[Date "2002.??.??"]
[Round "8.3"]
[White "Vidal, Llewellyn"]
[Black "Gerber, Sebastien"]
[Result "1-0"]
[WhiteElo "1390"]
[BlackElo "1550"]
[PlyCount "63"]
[EventDate "2002.04.05"]
[EventType "swiss"]
[EventRounds "9"]
[EventCountry "FRA"]
[SourceTitle "EXT 2003"]
[Source "ChessBase"]
[SourceDate "2002.11.25"]
[SourceVersion "1"]
[SourceVersionDate "2002.11.25"]
[SourceQuality "1"]

1. e4 c5 2. Nf3 d6 3. d4 cxd4 4. Nxd4 Nf6 5. Nc3 a6 6. f3 e5 7. Nde2 Be6 8. Ng3 Be7 9. Bd3 Nbd7 10. Be3 d5 11. exd5 Nxd5 12. Nxd5 Bxd5 13. c4 Be6 14. 0-0 0-0 15. a3 Rc8 16. Rc1 f5 17. Bf2 Bc5 18. b4 Bxf2+ 19. Rxf2 Nb6 20. c5 Nd5 21. Bc4 f4 22. Ne4 Nc7 23. Bxe6+ Nxe6 24. Nd6 Rc7 25. Qd5 Qe7 26. Re2 Rd8 27. Rxe5 b6 28. Rxe6 Qxe6 29. Qxe6+ Kf8 30. Rc4 bxc5 31. Rxf4+ Rf7 32. Qxf7# 1-0